Vamos tras El: devocionario de piedad franciscana, breve y completo a la vez, dedicado particularmente a los hijos de la V.O.T

Uloženo v:
Podrobná bibliografie
Hlavní autor: Legísima, Juan R. de (Autor)
Médium: Kniha
Jazyk:španělština
Vydáno: Barcelona Biblioteca Franciscana 1935
Vydání:3a. ed
Témata:
Tagy: Přidat tag
Žádné tagy, Buďte první, kdo vytvoří štítek k tomuto záznamu!

MARC

LEADER 00000cam a2200000 a 4500
001 UCD0336
003 CL-VaPUC
008 151120e19350000sp |||||||||||||||||spa|d
082 0 4 |a 248  |b LEG  |2 21 
100 0 |a Legísima, Juan R. de  |e author  |9 583328 
245 1 0 |a Vamos tras El: devocionario de piedad franciscana, breve y completo a la vez, dedicado particularmente a los hijos de la V.O.T 
250 |a 3a. ed 
300 |a 767 p 
942 |c BK 
945 |d 20151120 13:39:00  |a gsalatino 
260 |a Barcelona  |b Biblioteca Franciscana  |c 1935 
650 7 |a ORACIONES  |2 CL-VaPUC  |9 319212 
650 7 |a DEVOCIONARIO  |2 CL-VaPUC  |9 488515 
650 7 |a DOCTRINA CRISTIANA  |2 CL-VaPUC  |9 339115 
583 |a last modification  |c 20151120 13:39:00  |k Rodrigo Vera 
999 |c 361901  |d 361899 
952 |0 0  |1 0  |3 erd  |4 0  |6 248_000000000000000_LEG_1935  |7 0  |8 P  |9 472647  |a BIBTEO  |b BIBTES  |c TEO_FTES  |i 527169K  |o 248 LEG 1935  |p 527169K  |r 2024-01-18  |w 2019-11-24  |y BK  |z Catalogado en:20151120  |k ICR